000 00330nam a22001457a 4500
008 240318b ||||| |||| 00| 0 eng d
020 _a0198244274
041 _aeng
080 _21980
_a101
082 _a101FRA
100 _a44
101 _aFILOZOFI
245 _aTHE SCIENTIFIC IMAGE
_cBAS .C.VAN FRAASSEN
942 _2udc
_cBK
999 _c60611
_d60611